[Event "Mittelfrank Regionalliga Sud-West 2122"]
[Site "Mittelfranken"]
[Date "2022.05.29"]
[Round "9.3"]
[White "Zehrfeld, Thorsten"]
[Black "Giss, Helene"]
[Result "1/2-1/2"]
[WhiteElo "2070"]
[BlackElo "2033"]
[PlyCount "162"]
[EventDate "2021.10.24"]
[EventType "team-tourn"]
[EventRounds "9"]
[EventCountry "GER"]
[SourceTitle "EXT 2024"]
[Source "ChessBase"]
[SourceDate "2023.10.10"]
[SourceVersion "1"]
[SourceVersionDate "2023.10.10"]
[SourceQuality "1"]
[WhiteTeam "Augsburg Rochade"]
[BlackTeam "Dillingen"]
[WhiteTeamCountry "GER"]
[BlackTeamCountry "GER"]

1. d4 e6 2. c4 Nf6 3. Nc3 d5 4. Nf3 c6 5. Bg5 Be7 6. e3 Nbd7 7. Rc1 0-0 8. Bd3 a6 9. 0-0 dxc4 10. Bxc4 b5 11. Bd3 Bb7 12. Qe2 c5 13. Rfd1 cxd4 14. exd4 h6 15. Bh4 Rc8 16. Ne5 Nb6 17. a3 Nbd5 18. Nxd5 Qxd5 19. Nf3 Qh5 20. Bxf6 Bxf6 21. Be4 Bd5 22. Rc2 Bb3 23. Rxc8 Rxc8 24. Re1 Rd8 25. h3 Bc4 26. Qe3 Bd5 27. Rc1 Bxe4 28. Qxe4 Qd5 29. Qxd5 Rxd5 30. Rc8+ Kh7 31. Ra8 Bxd4 32. Nxd4 Rxd4 33. Rxa6 Rd1+ 34. Kh2 Rd2 35. Rb6 Rxb2 36. a4 b4 37. Kg3 b3 38. a5 Ra2 39. Rxb3 Rxa5 40. f4 g5 41. fxg5 hxg5 42. h4 Kg6 43. hxg5 Kxg5 44. Kf3 f5 45. g3 e5 46. Rb8 e4+ 47. Kf2 Ra2+ 48. Ke3 Ra3+ 49. Kf2 Rf3+ 50. Kg2 Kf6 51. Re8 Rd3 52. g4 Kg5 53. gxf5 Kxf5 54. Kf2 Rh3 55. Rf8+ Ke5 56. Re8+ Kd4 57. Rd8+ Kc3 58. Rc8+ Kd2 59. Rd8+ Rd3 60. Re8 e3+ 61. Kf3 Rd7 62. Ra8 Rf7+ 63. Kg2 Rf2+ 64. Kg1 Rf5 65. Ra2+ Ke1 66. Ra1+ Ke2 67. Ra2+ Kf3 68. Kf1 Rc5 69. Rf2+ Ke4 70. Rf8 Rd5 71. Ke2 Rd2+ 72. Ke1 Rd5 73. Ke2 Re5 74. Rf3 Kd4 75. Rf4+ Re4 76. Rf3 Rh4 77. Rf8 Rh2+ 78. Ke1 Rh4 79. Ra8 Kc3 80. Re8 Kd3 81. Rd8+ Ke4 1/2-1/2

[Event "BL2 Sued 2122 (Women)"]
[Site "Germany"]
[Date "2022.02.20"]
[Round "3.3"]
[White "Giss, Helene"]
[Black "Pils, Martina"]
[Result "1-0"]
[WhiteElo "2031"]
[BlackElo "1569"]
[PlyCount "81"]
[EventDate "2021.11.27"]
[EventType "team-tourn"]
[EventRounds "7"]
[EventCountry "GER"]
[SourceTitle "EXT 2023"]
[Source "ChessBase"]
[SourceDate "2022.10.05"]
[SourceVersion "1"]
[SourceVersionDate "2022.10.05"]
[SourceQuality "1"]
[WhiteTeam "Bayern Muenchen (W)"]
[BlackTeam "Forstenried (W)"]
[WhiteTeamCountry "GER"]
[BlackTeamCountry "GER"]

1. e4 e6 2. d4 d5 3. Nd2 c5 4. exd5 exd5 5. Ndf3 Nf6 6. c3 Nc6 7. h3 Be7 8. Be3 c4 9. Ne2 Bf5 10. Ng3 Bg6 11. Be2 0-0 12. 0-0 Qc7 13. Nh4 Rfe8 14. Nhf5 Bf8 15. Re1 h6 16. Bg4 Ne7 17. Qf3 Nxf5 18. Bxf5 Bxf5 19. Nxf5 Re6 20. Bf4 Qd7 21. Be5 Rae8 22. Re3 g6 23. Ng3 Bg7 24. Rae1 Qc6 25. h4 b5 26. h5 Rf8 27. Qe2 Rfe8 28. hxg6 fxg6 29. f4 Nd7 30. Qg4 Nxe5 31. fxe5 Rf8 32. Ne2 Kh7 33. Nf4 Re7 34. Rf3 Ree8 35. Ref1 g5 36. Nh5 a5 37. Nf6+ Bxf6 38. Rxf6 Rxf6 39. Rxf6 Qc8 40. Qh5 Rg8 41. Qxh6# 1-0

[Event "Landesliga Sued 1819"]
[Site "Bayern"]
[Date "2019.01.20"]
[Round "5.7"]
[White "Giss, Helene"]
[Black "Reimann, Robert"]
[Result "1/2-1/2"]
[WhiteElo "2032"]
[BlackElo "2040"]
[PlyCount "59"]
[EventDate "2018.10.21"]
[EventType "team-tourn"]
[EventRounds "9"]
[EventCountry "GER"]
[SourceTitle "EXT 2022"]
[Source "ChessBase"]
[SourceDate "2021.10.06"]
[SourceVersion "1"]
[SourceVersionDate "2021.10.06"]
[SourceQuality "1"]
[WhiteTeam "Dillingen"]
[BlackTeam "Kriegshaber SK"]
[WhiteTeamCountry "GER"]
[BlackTeamCountry "GER"]

1. e4 c5 2. d3 Nc6 3. Nc3 g6 4. Be3 d6 5. d4 cxd4 6. Bxd4 Nxd4 7. Qxd4 e5 8. Bb5+ Bd7 9. Qa4 Nf6 10. Rd1 a6 11. Bxd7+ Qxd7 12. Qxd7+ Nxd7 13. Nd5 Rc8 14. c3 Nc5 15. f3 Be7 16. Ne2 b5 17. Nc1 f5 18. exf5 gxf5 19. Kf2 Kf7 20. Rhe1 Rhd8 21. Nd3 Nxd3+ 22. Rxd3 Bf8 23. Red1 h5 24. Ne3 Ke6 25. Rd5 Be7 26. f4 Bf6 27. g3 Be7 28. Ng2 Bf6 29. Ne3 Be7 30. Ng2 1/2-1/2

[Event "BL 1617 (Women)"]
[Site "Germany"]
[Date "2017.03.25"]
[Round "7.1"]
[White "Fuchs, Judith"]
[Black "Giss, Helene"]
[Result "1-0"]
[WhiteElo "2278"]
[BlackElo "2044"]
[PlyCount "117"]
[EventDate "2016.10.22"]
[EventType "team-tourn"]
[EventRounds "11"]
[EventCountry "GER"]
[SourceTitle "EXT 2018"]
[Source "ChessBase"]
[SourceDate "2017.10.13"]
[SourceVersion "1"]
[SourceVersionDate "2017.10.13"]
[SourceQuality "1"]
[WhiteTeam "Hamburger SK (W)"]
[BlackTeam "Bayern Muenchen (W)"]
[WhiteTeamCountry "GER"]
[BlackTeamCountry "GER"]

1. b3 e6 2. Bb2 Nf6 3. e3 d5 4. Nf3 c5 5. Bb5+ Bd7 6. a4 a6 7. Bxd7+ Nbxd7 8. 0-0 Bd6 9. d3 0-0 10. Qe2 Qc7 11. Nbd2 b5 12. e4 d4 13. Rfe1 e5 14. Nh4 Rfc8 15. Nf5 Bf8 16. g3 Nb6 17. c3 g6 18. Nh4 bxa4 19. bxa4 Qd7 20. a5 Na4 21. Nc4 Re8 22. Qc2 Nxb2 23. Qxb2 Rab8 24. Qc2 Qc7 25. Nb6 Bd6 26. Nf3 Nd7 27. Nd5 Qd8 28. Nd2 Nf6 29. Nb6 Bc7 30. Nbc4 Rb5 31. Nb3 Qe7 32. Na3 Rbb8 33. Rec1 Bd6 34. Nc4 Red8 35. Nb6 Nd7 36. Nd5 Qe6 37. Nd2 Nf6 38. Nb6 Nd7 39. Ndc4 Bc7 40. Nd5 Rdc8 41. Rab1 Bd8 42. Qa4 Kg7 43. Kg2 h5 44. h4 f5 45. Ncb6 Nxb6 46. axb6 fxe4 47. dxe4 Bxh4 48. Qxa6 Qg4 49. Re1 Bg5 50. f3 Qd7 51. b7 Rf8 52. Rb6 Qf7 53. Rf1 Bd8 54. Rb5 Qd7 55. c4 Rf7 56. Rfb1 Rf8 57. Qa7 Qf7 58. R1b3 Bg5 59. Rxc5 1-0

[Event "Landesliga Sued 1516"]
[Site "Bayern"]
[Date "2016.01.31"]
[Round "6.8"]
[White "Beckers, Thomas"]
[Black "Giss, Helene"]
[Result "1/2-1/2"]
[WhiteElo "1970"]
[BlackElo "1996"]
[PlyCount "41"]
[EventDate "2015.10.11"]
[EventType "team-tourn"]
[EventRounds "9"]
[EventCountry "GER"]
[SourceTitle "EXT 2018"]
[Source "ChessBase"]
[SourceDate "2017.10.13"]
[SourceVersion "1"]
[SourceVersionDate "2017.10.13"]
[SourceQuality "1"]
[WhiteTeam "Muenchen Tarrasch"]
[BlackTeam "Dillingen"]
[WhiteTeamCountry "GER"]
[BlackTeamCountry "GER"]

1. d4 e6 2. c4 Nf6 3. Nf3 d5 4. Nc3 c6 5. e3 Be7 6. b3 Nbd7 7. Bd3 0-0 8. 0-0 Re8 9. Bb2 Nf8 10. Ne5 c5 11. Rc1 cxd4 12. exd4 a6 13. Re1 Bd7 14. Qf3 dxc4 15. Bxc4 b5 16. Bd3 Rc8 17. Ne4 h6 18. a3 Qb6 19. b4 Rxc1 20. Rxc1 Rc8 21. Rxc8 1/2-1/2

[Event "BL2 Sued 1516 (Women)"]
[Site "Germany"]
[Date "2016.01.10"]
[Round "5.3"]
[White "Giss, Helene"]
[Black "Birkholz, Olga"]
[Result "1/2-1/2"]
[WhiteElo "2040"]
[BlackElo "2068"]
[PlyCount "119"]
[EventDate "2015.09.26"]
[EventType "team-tourn"]
[EventRounds "7"]
[EventCountry "GER"]
[SourceTitle "EXT 2017"]
[Source "ChessBase"]
[SourceDate "2016.10.25"]
[SourceVersion "1"]
[SourceVersionDate "2016.10.25"]
[SourceQuality "1"]
[WhiteTeam "Muenchen Bayern (W)"]
[BlackTeam "Augsburg (W)"]
[WhiteTeamCountry "GER"]
[BlackTeamCountry "GER"]

1. e4 d6 2. d4 c6 3. h3 Nf6 4. Nc3 g6 5. Nf3 Bg7 6. Bd3 0-0 7. 0-0 b5 8. a3 a6 9. Ne2 Qc7 10. Be3 Nbd7 11. Rc1 Nb6 12. b3 Nfd7 13. Qd2 c5 14. c4 bxc4 15. Bxc4 Nxc4 16. Rxc4 Qb7 17. Qd3 Nb6 18. Rcc1 cxd4 19. Bxd4 Bd7 20. Bxg7 Kxg7 21. Qc3+ f6 22. Qc7 Ra7 23. Qxb7 Rxb7 24. Nfd4 Rc8 25. Rxc8 Nxc8 26. b4 Rc7 27. Rc1 Rxc1+ 28. Nxc1 Nb6 29. Nd3 Nc4 30. Nc2 Ba4 31. Nde1 Kf7 32. f3 Ke6 33. Kf2 d5 34. exd5+ Kxd5 35. Ke2 Nb2 36. Kd2 Kc4 37. Ne3+ Kb3 38. Nd5 Nc4+ 39. Kc1 Kxa3 40. Nxe7 Nb6 41. Nd3 Bb5 42. Nf4 Bc4 43. Nc6 Nd5 44. Nxd5 Bxd5 45. Nb8 Bc4 46. Nd7 f5 47. Nf6 h5 48. g4 hxg4 49. hxg4 f4 50. Ne4 Bd5 51. Ng5 Kxb4 52. Nh3 Bxf3 53. Nxf4 Be4 54. Nxg6 Bxg6 55. Kb2 a5 56. g5 a4 57. Ka2 Bf7+ 58. Kb2 a3+ 59. Kb1 Kb3 60. Ka1 1/2-1/2

[Event "Oberliga Bayern 1415"]
[Site "Germany"]
[Date "2014.11.23"]
[Round "3.7"]
[White "Reich, Thomas"]
[Black "Giss, Helene"]
[Result "1-0"]
[WhiteElo "2413"]
[BlackElo "2034"]
[PlyCount "65"]
[EventDate "2014.10.19"]
[EventType "team-tourn"]
[EventRounds "9"]
[EventCountry "GER"]
[SourceTitle "EXT 2016"]
[Source "ChessBase"]
[SourceDate "2015.10.08"]
[SourceVersion "1"]
[SourceVersionDate "2015.10.08"]
[SourceQuality "1"]
[WhiteTeam "Bayern Muenchen II"]
[BlackTeam "Dillingen"]
[WhiteTeamCountry "GER"]
[BlackTeamCountry "GER"]

1. d4 e6 2. e4 d5 3. Nc3 dxe4 4. Nxe4 Nd7 5. Nf3 Be7 6. Bd3 Ngf6 7. Nxf6+ Bxf6 8. Qe2 c5 9. c3 Qc7 10. 0-0 b6 11. d5 e5 12. Bg5 Bb7 13. c4 0-0-0 14. Bxf6 gxf6 15. Nh4 Kb8 16. Nf5 Nf8 17. g3 Ng6 18. Be4 h5 19. h4 Rdg8 20. Kh2 Bc8 21. d6 Qd7 22. Rfd1 Rd8 23. a3 Bb7 24. b4 Rc8 25. Bxb7 Kxb7 26. Qe4+ Qc6 27. d7 Rcd8 28. Nd6+ Kc7 29. Qxc6+ Kxc6 30. Nxf7 Rxd7 31. Rxd7 Kxd7 32. Nxh8 Nxh8 33. bxc5 1-0

[Event "Oberliga Bayern 1415"]
[Site "Germany"]
[Date "2014.10.19"]
[Round "1.8"]
[White "Giss, Helene"]
[Black "Sarec, Ivica"]
[Result "1-0"]
[WhiteElo "2034"]
[BlackElo "2062"]
[PlyCount "109"]
[EventDate "2014.10.19"]
[EventType "team-tourn"]
[EventRounds "9"]
[EventCountry "GER"]
[SourceTitle "EXT 2016"]
[Source "ChessBase"]
[SourceDate "2015.10.08"]
[SourceVersion "1"]
[SourceVersionDate "2015.10.08"]
[SourceQuality "1"]
[WhiteTeam "Dillingen"]
[BlackTeam "Puschendorf"]
[WhiteTeamCountry "GER"]
[BlackTeamCountry "GER"]

1. e4 d5 2. exd5 Qxd5 3. Nc3 Qd6 4. d4 Nf6 5. h3 c6 6. Nf3 Bf5 7. Bd3 Bxd3 8. Qxd3 Nbd7 9. Ne2 e6 10. 0-0 Qc7 11. Bf4 Bd6 12. Bxd6 Qxd6 13. c4 0-0 14. Rad1 Rfd8 15. Qb3 Qc7 16. Qe3 Nb6 17. b3 a5 18. a4 Nbd7 19. Nf4 Re8 20. Nd3 Rad8 21. Nfe5 Qb6 22. Nc1 Nxe5 23. Qxe5 Nd7 24. Qg3 Nf6 25. Qe5 Rd7 26. Rd3 Red8 27. Rfd1 Qc7 28. Qxc7 Rxc7 29. Kf1 Kf8 30. Ke2 Ke7 31. Na2 Rcd7 32. Nc3 Nh5 33. g3 f5 34. Ke3 g5 35. Ke2 h6 36. Ke3 Nf6 37. Ke2 Kf7 38. Ke3 Re8 39. Kf3 Red8 40. Ke3 h5 41. f3 Re8 42. Kf2 Rde7 43. Re1 Nd7 44. f4 gxf4 45. gxf4 Nf6 46. Rg1 Rg8 47. Rxg8 Kxg8 48. Re3 Kf7 49. Kg3 Rd7 50. Rd3 Rd8 51. Kf2 h4 52. Ne2 Ne4+ 53. Kf3 Kf6 54. Rd1 c5 55. Ke3 1-0

[Event "GER-chT Federal Cup (Women)"]
[Site "Braunfels"]
[Date "2014.06.22"]
[Round "5.6"]
[White "Rubina, Tatiana"]
[Black "Giss, Helene"]
[Result "1-0"]
[WhiteElo "1946"]
[BlackElo "2015"]
[PlyCount "75"]
[EventDate "2014.06.19"]
[EventType "team-swiss"]
[EventRounds "5"]
[EventCountry "GER"]
[SourceTitle "EXT 2015"]
[Source "ChessBase"]
[SourceDate "2014.11.20"]
[SourceVersion "1"]
[SourceVersionDate "2014.11.20"]
[SourceQuality "1"]
[WhiteTeam "Baden (W)"]
[BlackTeam "Bayern (W)"]
[WhiteTeamCountry "GER"]
[BlackTeamCountry "GER"]

1. e4 e6 2. Qe2 Nc6 3. Nf3 Nge7 4. g3 d5 5. d3 dxe4 6. dxe4 e5 7. c3 Ng6 8. Bg2 Bc5 9. 0-0 Qe7 10. b4 Bd6 11. Nbd2 0-0 12. Nc4 Bg4 13. Ne3 Bxf3 14. Bxf3 a5 15. b5 Nd8 16. h4 Bc5 17. h5 Nh8 18. Nd5 Qd7 19. Rd1 Qc8 20. h6 c6 21. hxg7 Kxg7 22. Bg4 Ne6 23. Ne3 Ng6 24. Bxe6 fxe6 25. Ng4 Rf7 26. a4 cxb5 27. axb5 b6 28. Be3 Raa7 29. Kg2 Rad7 30. Rxd7 Rxd7 31. Qf3 Bxe3 32. Qf6+ Kg8 33. Qxe6+ Kg7 34. Qf6+ Kg8 35. Nxe3 Rf7 36. Qxb6 Qxc3 37. Rxa5 Rxf2+ 38. Kxf2 1-0

[Event "BL2 Sued 1314 (Women)"]
[Site "Germany"]
[Date "2014.01.26"]
[Round "3.4"]
[White "Specht, Maria"]
[Black "Giss, Helene"]
[Result "0-1"]
[WhiteElo "1865"]
[BlackElo "2053"]
[PlyCount "82"]
[EventDate "2013.11.30"]
[EventType "team-tourn"]
[EventRounds "7"]
[EventCountry "GER"]
[SourceTitle "EXT 2018"]
[Source "ChessBase"]
[SourceDate "2017.10.13"]
[SourceVersion "1"]
[SourceVersionDate "2017.10.13"]
[SourceQuality "1"]
[WhiteTeam "Augsburg (W)"]
[BlackTeam "Muenchen Bayern (W)"]
[WhiteTeamCountry "GER"]
[BlackTeamCountry "GER"]

1. d4 e6 2. Nf3 d5 3. e3 Nf6 4. Bd3 c5 5. c3 Nc6 6. Nbd2 Qc7 7. Qe2 cxd4 8. exd4 Bd6 9. h3 Nh5 10. Nb3 Nf4 11. Bxf4 Bxf4 12. 0-0 0-0 13. g3 Bh6 14. Ne5 g6 15. Ng4 Bg7 16. f4 a5 17. Nd2 Bd7 18. Ne5 Nxe5 19. fxe5 b5 20. a3 b4 21. cxb4 axb4 22. Nb3 bxa3 23. bxa3 Qc3 24. Qc2 Rfc8 25. Qxc3 Rxc3 26. Nc5 Bxe5 27. dxe5 Rxc5 28. Rf3 Bc6 29. Raf1 Ra7 30. h4 Rc3 31. h5 d4 32. hxg6 hxg6 33. Be4 Bxe4 34. Rxc3 dxc3 35. Kf2 Rxa3 36. Ke3 Bf5 37. Rg1 c2+ 38. Kd2 Ra4 39. Re1 Re4 40. Rxe4 Bxe4 41. g4 f6 0-1

[Event "Oberliga Bayern 1213"]
[Site "Bayern"]
[Date "2013.04.14"]
[Round "9.8"]
[White "Prediger, Rupert"]
[Black "Giss, Helene"]
[Result "1-0"]
[WhiteElo "2143"]
[BlackElo "2018"]
[PlyCount "52"]
[EventDate "2012.10.14"]
[EventType "team-tourn"]
[EventRounds "9"]
[EventCountry "GER"]
[SourceTitle "EXT 2015"]
[Source "ChessBase"]
[SourceDate "2014.11.20"]
[SourceVersion "1"]
[SourceVersionDate "2014.11.20"]
[SourceQuality "1"]
[WhiteTeam "Pang/Rosenheim"]
[BlackTeam "Dillingen"]
[WhiteTeamCountry "GER"]
[BlackTeamCountry "GER"]

1. e4 e6 2. d4 d5 3. Nd2 dxe4 4. Nxe4 Nd7 5. Nf3 Ngf6 6. Nxf6+ Nxf6 7. c3 Be7 8. Bd3 c5 9. dxc5 Bxc5 10. 0-0 0-0 11. Bg5 h6 12. Bh4 b6 13. Qe2 Bb7 14. Rad1 Qc7 15. Ne5 Be7 16. Bxf6 Bxf6 17. Nd7 Rfd8 18. Nxf6+ gxf6 19. Qg4+ Kf8 20. Qh4 Ke7 21. f3 Qc5+ 22. Qf2 Qg5 23. Be4 Bxe4 24. fxe4 Rxd1 25. Rxd1 Rd8 26. Rxd8 Kxd8 1-0

[Event "Oberliga Bayern 1213"]
[Site "Bayern"]
[Date "2013.03.17"]
[Round "8.8"]
[White "Giss, Helene"]
[Black "Sarec, Ivica"]
[Result "1-0"]
[WhiteElo "2018"]
[BlackElo "2062"]
[PlyCount "41"]
[EventDate "2012.10.14"]
[EventType "team-tourn"]
[EventRounds "9"]
[EventCountry "GER"]
[SourceTitle "EXT 2015"]
[Source "ChessBase"]
[SourceDate "2014.11.20"]
[SourceVersion "1"]
[SourceVersionDate "2014.11.20"]
[SourceQuality "1"]
[WhiteTeam "Dillingen"]
[BlackTeam "Puschendorf"]
[WhiteTeamCountry "GER"]
[BlackTeamCountry "GER"]

1. e4 d5 2. exd5 Qxd5 3. Nc3 Qd6 4. d4 Nf6 5. h3 a6 6. a4 e6 7. Nf3 c5 8. Be3 Nbd7 9. Bd3 cxd4 10. Bxd4 Be7 11. 0-0 0-0 12. Qe2 Nc5 13. Bc4 Nd5 14. Rfd1 Re8 15. Bxd5 exd5 16. Bxc5 Qxc5 17. Nxd5 Bf5 18. b4 Qd6 19. Nxe7+ Rxe7 20. Rxd6 Rxe2 21. Nd4 1-0

[Event "Oberliga Bayern 1213"]
[Site "Bayern"]
[Date "2013.02.24"]
[Round "7.7"]
[White "Giss, Helene"]
[Black "Frey, Michael"]
[Result "1/2-1/2"]
[WhiteElo "2018"]
[BlackElo "1996"]
[PlyCount "50"]
[EventDate "2012.10.14"]
[EventType "team-tourn"]
[EventRounds "9"]
[EventCountry "GER"]
[SourceTitle "EXT 2015"]
[Source "ChessBase"]
[SourceDate "2014.11.20"]
[SourceVersion "1"]
[SourceVersionDate "2014.11.20"]
[SourceQuality "1"]
[WhiteTeam "Dillingen"]
[BlackTeam "Obernau"]
[WhiteTeamCountry "GER"]
[BlackTeamCountry "GER"]

1. e4 c5 2. d3 Nc6 3. Be3 d6 4. Nc3 g6 5. d4 cxd4 6. Bxd4 Nxd4 7. Qxd4 Nf6 8. e5 dxe5 9. Bb5+ Bd7 10. Qxe5 a6 11. Bxd7+ Qxd7 12. Rd1 Qf5 13. Qxf5 gxf5 14. Nd5 Nxd5 15. Rxd5 e6 16. Rd3 Bg7 17. c3 Ke7 18. Ke2 Rhd8 19. Nf3 Rxd3 20. Kxd3 Rc8 21. Re1 b5 22. Re2 h6 23. Nh4 Kd6 24. f4 a5 25. Nf3 Rc5 1/2-1/2

[Event "Oberliga Bayern 1213"]
[Site "Bayern"]
[Date "2012.11.11"]
[Round "2.8"]
[White "Ulusoy, Tolga"]
[Black "Giss, Helene"]
[Result "1/2-1/2"]
[WhiteElo "2007"]
[BlackElo "2018"]
[PlyCount "84"]
[EventDate "2012.10.14"]
[EventType "team-tourn"]
[EventRounds "9"]
[EventCountry "GER"]
[SourceTitle "EXT 2015"]
[Source "ChessBase"]
[SourceDate "2014.11.20"]
[SourceVersion "1"]
[SourceVersionDate "2014.11.20"]
[SourceQuality "1"]
[WhiteTeam "Nuernberg NT"]
[BlackTeam "Dillingen"]
[WhiteTeamCountry "GER"]
[BlackTeamCountry "GER"]

1. e4 e6 2. d4 d5 3. Nc3 dxe4 4. Nxe4 Nd7 5. Nf3 Ngf6 6. Bg5 Be7 7. Bxf6 Nxf6 8. Bd3 c5 9. 0-0 Qc7 10. Bb5+ Bd7 11. Bxd7+ Nxd7 12. d5 exd5 13. Qxd5 0-0 14. Rfe1 Nf6 15. Qe5 Qxe5 16. Nxe5 Rad8 17. Nc3 Rfe8 18. Rad1 Bd6 19. Nc4 Rxe1+ 20. Rxe1 Kf8 21. Rd1 Ne8 22. Kf1 Be7 23. Rxd8 Bxd8 24. Nb5 a6 25. Nbd6 Nxd6 26. Nxd6 b6 27. c4 Bf6 28. b3 Be5 29. Nf5 b5 30. cxb5 axb5 31. Ke2 g6 32. Ne3 Ke7 33. h3 Kd6 34. Kd3 f5 35. f3 Kc6 36. g4 f4 37. Nc2 Kd5 38. Na3 b4 39. Nc4 g5 40. Nd2 Bc7 41. Ne4 Bd8 42. Nd2 Be7 1/2-1/2

[Event "Nuremberg LGA Cup 9th"]
[Site "Nuremberg"]
[Date "2012.09.06"]
[Round "1"]
[White "Zude, Erik"]
[Black "Giss, Helene"]
[Result "1-0"]
[WhiteElo "2395"]
[BlackElo "2060"]
[PlyCount "45"]
[EventDate "2012.09.06"]
[EventType "swiss"]
[EventRounds "7"]
[EventCountry "GER"]
[SourceTitle "CBM 150 Extra"]
[Source "ChessBase"]
[SourceDate "2012.10.19"]
[SourceVersion "1"]
[SourceVersionDate "2012.10.19"]
[SourceQuality "1"]

1. d4 e6 2. c4 Nf6 3. Nc3 d5 4. cxd5 exd5 5. Bg5 Be7 6. e3 c6 7. Qc2 Nbd7 8. Bd3 0-0 9. Nge2 Re8 10. 0-0 Nf8 11. f3 c5 12. dxc5 Bxc5 13. Bxf6 Bxe3+ 14. Kh1 gxf6 15. Rad1 Be6 16. Be4 Qc8 17. Bxd5 Bxd5 18. Rxd5 Qc6 19. Rfd1 Kg7 20. Ng3 Re6 21. Rd6 Qc4 22. Nf5+ Kh8 23. Rxe6 1-0